Quizzes
Events
Quiz Creation
Community
Videos
Private Events
Remove Ads
Sign In
Join for FREE
Feedback
Dark Mode
Quiz Categories
Sports
Geography
Music
Movies
Television
Just For Fun
Miscellaneous
History
Literature
Language
Science
Gaming
Entertainment
Religion
Holiday
For Kids
Quiz Lab
Recent
Popular Today
Quiz Kudos Today
Editor Picks
Curator Picks
Quizzes by...
Day
Popularity
Type
Ratings
Length
Year
Community
Subscriptions
Recent Discussions
Orange Saloon
Badges
Playlists
Quests
Create
Leaderboards
Showdown
Live 5
Trivia Bingo
Activity
Puzzle Library
Sporcle Events
Private Events
Virtual Trivia
Globe League
Become a Host
Pub Owners
SporcleCon
Opinionation
Our Games
Videos
Blog
Mobile Apps
Partnerships
Remove Ads and Go Orange
Feedback
Science
Computer
Plants
Astronomy
Chemistry
Elements
Math
Animal
Physics
Anatomy
Biology
Geology
General Science
Science
Computer
Plants
Astronomy
Chemistry
Elements
Math
Animal
Physics
Anatomy
Biology
Geology
General Science
Random Quiz
Search Sporcle
×
Quiz Lab
Quiz Lab
Science
100
Type in answers that appear in a list
Type in answers that appear in a list
Classic
Best Score? Go Orange.
(Almost)100 digits of the Silver Ratio Stats
Can you name the first 99 digits of the silver ratio?
By
sciencecraft2015
5m
99 Questions
3 Plays
3 Plays
3 Plays
Comments
Comments
Give Quiz Kudos
Give Quiz Kudos
-
- Ratings
hide this ad
Forced Order
Answers have to be entered in order
Answers have to be entered in order
Replay
Link that replays current quiz
Next Quiz
Link to next quiz in quiz playlist
You Got
0%
They Got
Avg Score
34%
Avg Friend Score
Upgrade to see
Score Distribution
Jump to the score distribution portion of the page
Score
0/99
Timer
05:00
0
Plays Today
Answer
% Correct
2
100%
4
100%
1
100%
4
100%
2
100%
1
100%
3
100%
5
100%
6
100%
2
100%
3
100%
7
100%
3
100%
0
100%
9
100%
5
100%
0
100%
4
100%
8
100%
8
100%
0
100%
1
100%
6
100%
8
100%
8
100%
7
100%
2
100%
4
100%
2
100%
0
100%
9
100%
6
100%
9
100%
Answer
% Correct
8
100%
0
100%
7
100%
8
100%
5
100%
6
100%
9
100%
6
100%
7
100%
1
100%
8
100%
7
100%
5
100%
3
100%
7
100%
6
100%
9
100%
4
100%
8
100%
0
100%
7
100%
3
100%
1
100%
7
100%
6
100%
6
100%
7
100%
9
100%
7
100%
3
100%
7
100%
9
100%
9
100%
Answer
% Correct
0
100%
7
100%
3
100%
2
100%
4
100%
7
100%
8
100%
4
100%
6
100%
2
100%
1
100%
0
100%
7
100%
0
100%
3
100%
8
100%
8
100%
5
100%
0
100%
3
100%
8
100%
7
100%
5
100%
3
100%
4
100%
3
100%
2
100%
7
100%
6
100%
4
100%
1
100%
5
100%
7
100%
Quiz Playlist
Details
Report
Send in Message
Add To Playlist
Classic:
Type in answers that appear in a list
Forced Order:
Answers have to be entered in order
Quiz Source
Last Updated: Apr 6, 2019
Quiz Scoreboard
CHALLENGE
Sign Up to Join the Scoreboard
Show All
Scores
Hide
Comments
May contain spoilers
Recently Published
Billboard Blitz: Fleetwood Mac
by CooCooCachoo
Music
15s
Presidents Visiting Landmarks
by Hejman
History
7m
An Introduction to Baseball
by treessimontrees
Sports
5m
More to Explore
Quiz From the Vault
Featured Blog Post
Where Did the Easter Bunny Come From?
hide this ad
You Might Also Like...
Tags
100
Today's Top Quizzes in Science
Browse Science
hide this ad
Today's Top Quizzes in 100
Browse 100
Top Contributed Quizzes in Science
1
Quick Pick: Radians
2
Quick Pick: 'CI-CJ' Animals
3
The First 100 Digits of Pi
4
Elements In Images
5
Name the Acid, Base or Salt
6
One Thing in Common: Science
7
Science Jokes
8
One Thing in Common: Science III
9
One Thing in Common: Animals
10
One Thing in Common: Science II
Explore More
Trending Topics
Marvel
Harry Potter
Kpop
Crossword
Disney
Anime
NBA
Song
The Office
Pokémon
Country
Soccer
WWE
NFL
Puzzle
hide this ad
More By:
sciencecraft2015
Quiz
Plays
Rating
Category
Featured
Created
Quick Pick Minefield: Rhymes with Leap
2,091
2.57
Language
Feb 1, 2016
Countries of the Japanese Empire
2,085
4.18
History
Nov 15, 2015
Build me a map of the Balkans
1,468
3.44
Geography
Sep 9, 2016
Build me a map of Central America
871
3.36
Geography
Jan 22, 2016
Chess pieces
831
4.35
Gaming
Jan 21, 2016
Go to Creator's Profile
Score Distribution
Quiz Creator Spotlight
sciencecraft2015
Follow
Send a Message
Quizzes Created
-
Created Quiz Play Count
-
More By This Creator
Popular Quizzes Today
1
Find the US States - No Outlines Minefield
2
Find the Countries of Europe - No Outlines Minefield
3
The Countries of the World
4
Find the US States
5
US States
6
Risky Map Clicking: Biggest States A-Z
7
Popular People in 1961
8
Movies - When Are They Set?
More Science Quizzes
Begins and Ends Switcheroo: Elements
Published
Trending Quizzes
Risky Map Clicking: Least Populous States A-Z
1-10 Letter G Words
1-10 Letter F Words
Risky Map Clicking: Next State Alphabetically
Risky Map Clicking: Biggest States A-Z
Recently Updated
Leaping Animals
pecheneg
Reality TV Shows (A-Z)
bhenderson79
Rickey Henderson's Hall of Fame Teammates
pecheneg
Champions League XIs: Arsenal
pecheneg
Quick Pick: Celebrities in WWE's Hall of Fame
aduchscher
A-Z Keypad Blitz II
pecheneg
Multiple Oscar Actors
pecheneg
Mystery Phrase Blitz: Oscar 'Best Actors'
pecheneg
F. Scott Fitzgerald Novels
LTH
Pick 3 Villains
ddd62291
Trending Topics
Disney
NBA
Harry Potter
Anime
Kpop
Crossword
Marvel
The Office
Country
Puzzle
Pokémon
NFL
WWE
Song
Soccer
Your Account Isn't Verified!
In order to create a playlist on Sporcle, you need to verify the email address you used during registration. Go to your
Sporcle Settings
to finish the process.
Report this User
Report this user for behavior that violates our
Community Guidelines
.
Details:
Send Report
Go to the Sporcle.com Mobile Site →
Comments